000 00439nam a2200169Ia 4500
003 GCL
008 140319s9999 xx 000 0 eng d
040 _aGCL /
_cGCL
082 0 4 _a181
_bC F
100 1 _aCOLLINSON, DIANE
245 1 0 _aFIFTY MAJOR PHILOSOPHERS: A REFERENCE GUIDE /
_cCOLLINSON, DIANE
260 _a[S.N] :
_bROUTLEDGE ،
_c1994
300 _a170 P
650 0 4 _aPHILOSOPHY
650 0 4 _aPHILOSOPHERS
942 _2ddc
_cBK
999 _c10345
_d10345